Guide to the market of the federal republic of Germany (Record no. 36290)

MARC details
000 -LEADER
fixed length control field 00308nam a2200109Ia 4500
082 ## - DEWEY DECIMAL CLASSIFICATION NUMBER
Classification number 339.138
Item number GUI
245 #0 - TITLE STATEMENT
Title Guide to the market of the federal republic of Germany
250 ## - EDITION STATEMENT
Edition statement Ed.2
260 ## - PUBLICATION, DISTRIBUTION, ETC. (IMPRINT)
Place of publication Bangkok
Name of publisher Economic and Social Economic
Year of publication 1981
942 ## - ADDED ENTRY ELEMENTS (KOHA)
Koha item type Books
Holdings
Withdrawn status Lost status Damaged status Not for loan Home library Current library Date acquired Full call number Accession Number Koha item type
        RRII Library RRII Library 16/12/2021 339.138 GUI 16701 Books